Conservation of exploited species (Record no. 79747)
[ view plain ]
| 000 -LEADER | |
|---|---|
| fixed length control field | 00898nam a2200217 a 4500 |
| 008 - FIXED-LENGTH DATA ELEMENTS--GENERAL INFORMATION | |
| fixed length control field | 120416s2001 ||||||||||||||||| || u |
| 020 ## - INTERNATIONAL STANDARD BOOK NUMBER | |
| International Standard Book Number | 0521787335 |
| 050 ## - LIBRARY OF CONGRESS CALL NUMBER | |
| Classification number | QL 82 Con |
| 100 ## - MAIN ENTRY--PERSONAL NAME | |
| Personal name | Reynolds, John D |
| 245 10 - TITLE STATEMENT | |
| Title | Conservation of exploited species |
| Statement of responsibility, etc. | edited by John D. Reynolds |
| 260 ## - PUBLICATION, DISTRIBUTION, ETC. | |
| Place of publication, distribution, etc. | Cambridge: |
| Name of publisher, distributor, etc. | Cambridge University Press |
| Date of publication, distribution, etc. | 2001 |
| 300 ## - PHYSICAL DESCRIPTION | |
| Extent | xvi, 524p.: ill. |
| 350 ## - | |
| -- | 0.00 |
| 650 ## - SUBJECT ADDED ENTRY--TOPICAL TERM | |
| Topical term or geographic name entry element | WILDLIFE |
| 650 ## - SUBJECT ADDED ENTRY--TOPICAL TERM | |
| Topical term or geographic name entry element | WILDLIFE CONSERVATION |
| 650 ## - SUBJECT ADDED ENTRY--TOPICAL TERM | |
| Topical term or geographic name entry element | WILDLIFE UTILIZATION |
| 700 ## - ADDED ENTRY--PERSONAL NAME | |
| Personal name | Mace, Georgina |
| 700 ## - ADDED ENTRY--PERSONAL NAME | |
| Personal name | Redford, Kent H |
| 995 ## - | |
| -- | MAIN LIBRARY OPEN ACCESS |
| -- | 0.00 |
| -- | 742004 |
| -- | CBU-MAIN LIBRARY (Kitwe) |
| -- | 1 |
| -- | 0.00 |
| -- | QL 82 CON |
| -- | 2 |
| -- | AVAILABLE |
| -- | Nov 18, 2010 |
| -- | 742004 |
| -- | Main Library Open Access Collection |
| 995 ## - | |
| -- | MAIN LIBRARY OPEN ACCESS |
| -- | 0.00 |
| -- | 734750 |
| -- | CBU-MAIN LIBRARY (Kitwe) |
| -- | 1 |
| -- | 24.95 |
| -- | QL 82 Con |
| -- | 1 |
| -- | AVAILABLE |
| -- | Mar 21, 2007 |
| -- | 47918 |
| -- | Main Library Open Access Collection |
| 999 ## - | |
| -- | 79747 |
| -- | 79747 |
| Withdrawn status | Lost status | Source of classification or shelving scheme | Damaged status | Not for loan | Permanent Location | Current Location | Shelving location | Date acquired | Total Checkouts | Full call number | Barcode | Date last seen | Copy number | Price effective from | Koha item type |
|---|---|---|---|---|---|---|---|---|---|---|---|---|---|---|---|
| CBU-MAIN LIBRARY, KITWE. | CBU-MAIN LIBRARY, KITWE. | 06/29/2023 | QL 82 Con | 742004 | 06/29/2023 | 1 | 06/29/2023 | MONOGRAPH | |||||||
| CBU-MAIN LIBRARY, KITWE. | CBU-MAIN LIBRARY, KITWE. | 06/29/2023 | QL 82 Con | 47918 | 06/29/2023 | 2 | 06/29/2023 | MONOGRAPH |